Anjing dengan bayang-bayang

Bibliographic Details
Format: Book
Published: Kuala Lumpur : Penerbitan Kembang Maju , 2002
Series:Cerita pengajaran moral
Subjects:

MARC

LEADER 00000cam a2200000 7i4500
001 0000000099
005 20220105103908.0
008 070627
020 |a 9679913562 
090 0 0 |a JP   |b PR MAL (116) 
245 0 0 |a Anjing dengan bayang-bayang 
260 |a Kuala Lumpur :   |b Penerbitan Kembang Maju ,   |c 2002 
440 0 |a Cerita pengajaran moral 
500 |a Children age 4-6 years old (yellow) 
650 0 |a Malay fiction 
999 |a 0000896608   |b Book   |c Children Collection   |e Cawangan Bandar Penawar 
999 |a 0000896619   |b Book   |c Children Collection   |e Cawangan Segamat 
999 |a 0000900491   |b Book   |c Children Collection   |e Cawangan Segamat 
999 |a 0000900492   |b Book   |c Children Collection   |e Cawangan Segamat 
999 |a 0000900494   |b Book   |c Children Collection   |e Cawangan Bandar Penawar 
999 |a 0000953798   |b Book   |c Children Collection   |e Cawangan Tangkak 
999 |a 0000953799   |b Book   |c Children Collection   |e Cawangan Pontian 
999 |a 0000953801   |b Book   |c Children Collection   |e Cawangan Muar 
999 |a 0000954453   |b Book   |c Children Collection   |e Cawangan Muar 
999 |a 0000954454   |b Book   |c Children Collection   |e Perbadanan Perpustakaan Awam Johor 
999 |a 0000954455   |b Book   |c Children Collection   |e Perbadanan Perpustakaan Awam Johor 
999 |a 0000954456   |b Book   |c Children Collection   |e Perbadanan Perpustakaan Awam Johor 
999 |a 0000976433   |b Book   |c Children Collection   |e Cawangan Tangkak